00398pam a2200145 a 4500020001100000040002500011041001300036082001600049100002400065245007300089260002500162300002300187365001100210653003100221 c795.00 aMedical College Lib. aENGhENG a616.07bRAB aRaab, Stephen s. . aYear Book of Pathology and Laboratory - 2003 / chTextual Documents a : bMosby , c2003. a578 : b11 ; c .  a795.00 aPathologyaMedical Science